| 000 | 01207nam0a22002651 4500 | ||
|---|---|---|---|
| 001 | rc\2579263 | ||
| 005 | 20230417144347.0 | ||
| 035 | _a(NLR Aleph) 006743776 | ||
| 090 |
_a5672149 _c5672149 |
||
| 100 | _a20110914d1928 |||y0rusy50 ca | ||
| 101 | 0 | _arus | |
| 102 | _aRU | ||
| 105 | _aa z ||||| | ||
| 200 | 1 |
_aГончарное и черепичное производство _eПрактическое руководство для выделки доброкачественной глиняной посуды, а также черепицы различных сортов _eС 67 рис. _fВ. Г. Ягодин инж. пут. сообщ. |
|
| 210 |
_aМосква _aЛенинград _cГос. изд-во _d1928 _eЛенинград _gтип. им. Н. Бухарина |
||
| 215 |
_a125 с., [2] с. объявл. _cил., черт. _d20х14 см. |
||
| 225 | 1 |
_aЗа рабочим станком _fРусск. технич. о-во |
|
| 300 | _aОбложка: Л. Хижинский | ||
| 700 | 1 |
_aЯгодин _bВ. Г. _gВладимир Гаврилович |
|
| 801 | 0 |
_aRU _bNLR _gpsbo |
|
| 801 | 1 |
_aRU _bELAR _2rusmarc |
|
| 852 |
_aNLR _j58/329 |
||
| 942 | _cBOOK | ||
| 980 | _aNB | ||